Guess the Taylor Swift Song (Speak Now TV) 4 - Statistics

General Stats
  • This quiz has been taken 8 times
  • The average score is 344 of 439
Answer Stats
Answer % Correct
a
100%
And
100%
and
100%
be
100%
could
100%
Could
100%
ever
100%
everything
100%
for
100%
have
100%
hurt
100%
I
100%
If
100%
in
100%
in,
100%
In
100%
is
100%
It
100%
it
100%
it's
100%
It's
100%
like
100%
me
100%
my
100%
never
100%
Never
100%
(never
100%
no
100%
nothing
100%
of
100%
off
100%
on
100%
one
100%
so
100%
So
100%
that
100%
the
100%
though
100%
thought
100%
To
100%
to
100%
too
100%
when
100%
would
100%
you
100%
you,
100%
You
100%
Your
100%
your
100%
you're
100%
You're
100%
all
80%
But
80%
do
80%
don't
80%
Don't
80%
even
80%
favorite
80%
funny
80%
gettin'
80%
give
80%
got
80%
hand's
80%
heart
80%
her
80%
I'd
80%
Just
80%
just
80%
let
80%
light
80%
night
80%
Oh,
80%
oh
80%
Oh
80%
older
80%
own
80%
Remember
80%
remember
80%
she's
80%
stay
80%
than
80%
this
80%
up
80%
up)
80%
want
80%
will
80%
Wish
80%
wish
80%
around
60%
Around
60%
big
60%
burned
60%
can't
60%
cause
60%
city,
60%
colder
60%
drop
60%
everything's
60%
finger
60%
getting
60%
gone
60%
gonna
60%
grow
60%
grown
60%
here
60%
home
60%
honey
60%
little
60%
lose
60%
make
60%
mind
60%
move
60%
much
60%
myself
60%
new
60%
one's
60%
out
60%
Please
60%
regret
60%
said
60%
school
60%
simple
60%
still
60%
Take
60%
there's
60%
they
60%
try
60%
tuck
60%
turn
60%
wait
60%
wanna
60%
what
60%
wrapped
60%
am
40%
apartment
40%
At
40%
block
40%
break
40%
brother's
40%
car
40%
dad
40%
dance
40%
darlin',
40%
dreamin'
40%
dropped
40%
droppin'
40%
footsteps,
40%
gets
40%
left
40%
mom's
40%
movies
40%
nightlight
40%
nobody
40%
PJs
40%
quiet
40%
ready
40%
someday
40%
songs
40%
tonight
40%
way
40%
won't
40%
Won't
40%
world
40%
call
20%
childhood
20%
desert
20%
eyelids
20%
flutter
20%
fourteen,
20%
Memorize
20%
mortified
20%
Nothing's
20%
pictures
20%
realized
20%
room
20%
scarred
20%
shots
20%
sounded
20%
words
20%
No matching quizzes found
Score Distribution
Percent of People with Each Score
Percentile by Number Answered
Your Score History
You have not taken this quiz